Musiques du projet RILESUNDAYZ (Rilès) - Statistiques

Statistiques générales
  • Ce quiz a été pris 177 fois
  • Le résultat moyen est 21 sur 52
Statistiques - réponses
Semaine Musique % Correct
37 PESETAS
75%
2 Should I
70%
20 In the Jungle
66%
9 Thank God
63%
1 OHMAMA
57%
38 Utopia
54%
27 Alive
52%
29 Away
52%
8 I Do It
49%
28 REMEDY
49%
13 E Knows
47%
36 MOST WANTED
46%
14 Rebeus in Oran
46%
23 Real Talk
44%
5 For Mama
43%
33 EVIL
42%
49 Una Vez Mas (Que sera, sera)
42%
41 Understood
42%
40 After the Darkness
41%
24 Rilès (21)
41%
39 Snakes..!
41%
51 CHAMPION
40%
4 Drop It Like It's on Fire
40%
35 Eastside Georgia
40%
17 Fucklalife
40%
48 NSFW
40%
12 The Heartbreak
40%
25 Enjoy The Ride
38%
18 U Like
38%
3 Earthquake
37%
7 Gotta Lotta
37%
11 No Lie
37%
10 I'll Try (ft. Rilès female)
36%
26 PKMN (RED)
36%
34 The Cleaning Lady
35%
42 Dontreallyknow
33%
19 GTFO
33%
32 Love The Way You Dance (ft. Rilès female)
33%
21 Those Nights
33%
45 MAILLE
31%
50 No Sleep
31%
47 Show Must Go On
31%
44 Ain't Even Started
30%
43 ENERGY
30%
31 It's Just the Beginning
30%
15 EMPIRE
29%
46 Unexpected
29%
16 A Happy New Year
27%
22 I Love It
25%
6 U Better Listen (My Own)
25%
30 Blood On My Lips
23%
52 X
14%
Aucun quiz correspondant
Distribution des résultats
% des personnes avec chaque résultat
Percentile par nombre de réponses
Votre historique - résultats
Vous n’avez pas pris ce quiz